Secularism, religion and multicultural citizenship

Gespeichert in:
Bibliographische Detailangaben
Weitere Verfasser: Levey, Geoffrey Brahm, Modood, Tariq
Format: Buch
Sprache:Englisch
Veröffentlicht: New York Cambridge University Press 2010
Schlagworte:
Tags: Tag hinzufügen
Keine Tags, Fügen Sie das erste Tag hinzu!

MARC

LEADER 00000nam a2200000 4500
001 0222370
005 20231215113620.5
020 |a 978-0-521-69541-1 
041 0 |a eng 
044 |a US 
245 1 0 |a Secularism, religion and multicultural citizenship  |c [edited by] Geoffrey Brahm Levey and Tariq Modood 
264 1 |a New York  |b Cambridge University Press  |c 2010 
300 |a xxiv, 274 s. 
610 2 0 |a multikulturalizmus 
610 2 0 |a náboženstvo 
610 2 0 |a islam 
610 2 0 |a migrácia 
610 2 0 |a demokracia 
610 2 0 |a liberalizmus 
610 2 0 |a Francúzsko 
610 2 0 |a Európska únia 
610 2 0 |a USA 
700 1 |a Levey, Geoffrey Brahm 
700 1 |a Modood, Tariq